00992nam a2200241 a 450000100060000000300080000600500170001400800410003103500190007204000260009104100080011708200240012510000260014924500850017526000440026030000270030450000190033165000500035094200120040099900170041295201690042995201520059851889BD-RjUL20211209075727.0160904s1970 pk ||||| |||| 001 0 eng d a(BD-RjUL)52009 aBD-RjULbengcBD-RjUL aeng 223a330.1bMAI 19701 aMannan, M. A.915520010aIslamic economics ; theory and practice : ba comparative study /cM. A. Mannan, aPakistan :bSH. Muhammad Ashraf, c1970 axii, 386 p. ;c22 cm.  aIncludes index aEconomics vReligious aspects xIslam9131876 2ddccBK c51889d51889 00102ddc40708NFICaRUCLbRUCLcStackd1971-02-15eSH. Muhammad Ashraf, Lahoreg20.00l5m2o330.1 MAI 1970r2022-01-12 00:00:00s2021-12-29tC-2w2016-09-04yBK 00102ddc40718NFICaRUCLbRUCLcReadingd1971-02-15eKarachi Inst. Dev. ecrng20.00l0o330.1 MAI 1970r2016-12-29 00:00:00tC-1w2016-12-29yBK